Maps & globes / (Record no. 6703)
[ view plain ]
| 000 -LEADER | |
|---|---|
| fixed length control field | 00828nam a22002417a 4500 |
| 001 - CONTROL NUMBER | |
| control field | 6703 |
| 003 - CONTROL NUMBER IDENTIFIER | |
| control field | FISKH |
| 005 - DATE AND TIME OF LATEST TRANSACTION | |
| control field | 20250521120940.0 |
| 008 - FIXED-LENGTH DATA ELEMENTS--GENERAL INFORMATION | |
| fixed length control field | 250521b cb ||||| |||| 00| 0 eng d |
| 020 ## - INTERNATIONAL STANDARD BOOK NUMBER | |
| International Standard Book Number | 9780064460491 |
| 040 ## - CATALOGING SOURCE | |
| Original cataloging agency | FISKH |
| Language of cataloging | eng |
| Transcribing agency | FISKH |
| Modifying agency | FISKH912 LCC GA105 .K58 |
| 050 ## - LIBRARY OF CONGRESS CALL NUMBER | |
| Classification number | GA105 .K58 |
| 082 ## - DEWEY DECIMAL CLASSIFICATION NUMBER | |
| Classification number | 912 |
| 100 ## - MAIN ENTRY--PERSONAL NAME | |
| Personal name | Knowlton, Jack |
| 245 ## - TITLE STATEMENT | |
| Title | Maps & globes / |
| Statement of responsibility, etc. | by Jack Knowlton ; Pictures by Harriet Barton |
| 260 ## - PUBLICATION, DISTRIBUTION, ETC. | |
| Place of publication, distribution, etc. | New York : |
| Name of publisher, distributor, etc. | Harper Collins, |
| Date of publication, distribution, etc. | 1985 |
| 300 ## - PHYSICAL DESCRIPTION | |
| Extent | 42 pages : |
| Other physical details | color illustions ; |
| Dimensions | 24 cm |
| 520 ## - SUMMARY, ETC. | |
| Summary, etc. | A brief history of mapmaking, a simple explanation of how to read maps and globes, and an introduction to the many different kinds of maps there are. |
| 650 ## - SUBJECT ADDED ENTRY--TOPICAL TERM | |
| Topical term or geographic name entry element | Geography |
| Form subdivision | Atlas |
| General subdivision | Globes |
| 700 ## - ADDED ENTRY--PERSONAL NAME | |
| Personal name | Barton, Harriet |
| Relator term | illustrator |
| 942 ## - ADDED ENTRY ELEMENTS (KOHA) | |
| Source of classification or shelving scheme | Dewey Decimal Classification |
| Koha item type | Books |
| Suppress in OPAC | No |
| Withdrawn status | Lost status | Source of classification or shelving scheme | Damaged status | Not for loan | Collection | Home library | Current library | Shelving location | Date acquired | Total Checkouts | Full call number | Barcode | Date last seen | Copy number | Price effective from | Koha item type |
|---|---|---|---|---|---|---|---|---|---|---|---|---|---|---|---|---|
| Dewey Decimal Classification | Non-Fiction | Footprints International School Library Network Toul Kork Campus | Footprints International School Library Network Toul Kork Campus | A TK Campus, 4th Floor, Room B401, Non-Fiction Bookcases(7-8) | 05/21/2025 | KNO 912 GA105 .K58 | FISTK01665 | 05/21/2025 | 1 | 05/21/2025 | Books |
